00436 a2200145 4500010001400000020002300014035001300037037001500050082000600065100003200071245005100103260003500154270007500189300002600264 aENG-86443 a0143330195c150.00 aEN-69976 bDBAD / PUB14aN1 aBanerjee, Divakaruni Chitra1 aVictory song /cby Divakaruni Chitra Banerjee  aNew DelhibPenguin Booksc2006 a11, Community Centre, Panchsheel ParkbNew DelhicWest Bengale110 017 ax, 131 p.c20cm (Pbk)